LEADER 01621nam a2200337 i 4500 001 991002521179707536 005 20020508201638.0 008 010611s1999 it 001 0 ita 020 $a8815073388 035 $ab11022127-39ule_inst 035 $aPARLA164171$9ExL 040 $aDip.to Filosofia$bita 082 0 $a330.94 100 1 $aZamagni, Vera$0249952 245 10$aDalla rivoluzione industriale all'integrazione europea :$bbreve storia economica dell'Europa contemporanea /$cVera Zamagni 260 $aBologna :$bIl mulino,$c1999 300 $a251 p. :$bill. ;$c21 cm 490 0 $aUniversale paperbacks Il mulino ;$v367 650 4$aEconomia$xStoria 650 4$aEconomia industriale 651 4$aEuropa$xEconomia$ySec. 19.-20. 907 $a.b11022127$b23-02-17$c28-06-02 912 $a991002521179707536 945 $aLE021 330.94 ZAM01.01$g1$i2020000003687$lle021$op$pE12.50$q-$rn$s- $t0$u1$v0$w1$x0$y.i14757692$z20-05-08 945 $aLE005 330 ZAM01. 01$g1$i2005000117794$lle005$o-$pE0.00$q-$rl$s- $t0$u0$v0$w0$x0$y.i11141724$z28-06-02 945 $aLE016 330.94 ZAM 01.01$g1$i2016000114522$lle016$on$pE12.50$q-$rn$so $t0$u0$v0$w0$x0$y.i14792552$z03-07-08 945 $aLE025 ECO 330.9 ZAM01.02$g1$i2025000209961$lle025$o-$pE0.00$q-$rl$s- $t0$u1$v1$w1$x0$y.i14547624$z11-09-07 945 $aLE021 SOC24A70$g1$i2021000128547$lle021$nSchiavone$o-$pE0.00$q-$rl$s- $t0$u1$v0$w1$x0$y.i1408837x$z13-06-05 996 $aDalla rivoluzione industriale all'integrazione europea$970022 997 $aUNISALENTO 998 $ale020$ale005$a(2)le016$ale025$ale021$b01-01-01$cm$da $e-$fita$git $h0$i6 LEADER 02325nam0 22004693i 450 001 MIL0056835 005 20251003044221.0 010 $a8814027498 100 $a20130827d1991 ||||0itac50 ba 101 | $aita 102 $ait 181 1$6z01$ai $bxxxe 182 1$6z01$an 200 1 $aAtti del 17. convegno nazionale$ePalermo, 6-7 ottobre 1989$ei procedimenti in camera di consiglio e la tutela dei diritti 210 $aMilano$cGiuffrè$d1991 215 $a320 p.$d23 cm 225 | $aQuaderni dell'Associazione fra gli studiosi del processo civile$i. N. S$v45 300 $aAtti del convegno dell'Associazione fra gli studiosi del processo civile. 410 0$1001CFI0001498$12001 $aQuaderni dell'Associazione fra gli studiosi del processo civile$i. N. S$v45$171202$aAssociazione italiana fra gli studiosi del processo civile$3CFIV026693 517 1 $aAtti del diciassettesimo convegno nazionale : i procedimenti in camera diconsiglio e la tutela dei diritti : Palermo, 6-7 ottobre 1989. -$9MIL0062532 517 1 $aˆI ‰procedimenti in camera di consiglio e la tutela dei diritti.$9MIL0267748 606 $aCONGRESSI$xPALERMO$x1989$2FIR$3MILC025364$9I 606 $aProcesso civile$xCongressi$xPalermo$x1989$2FIR$3LO1C784894$9I 676 $a347$9Diritto processuale civile e tribunali civili$v12 676 $a347.07$9PROCESSI$v21 696 $aConvegni$aCongressi e convegni 696 $aConvegni$aCongressi e convegni$aProcedura civile 699 $aCongressi$yConvegni 699 $aCongressi$yCongressi e convegni 699 $aCongressi$yConvegni 699 $aCongressi$yCongressi e convegni 699 $aProcesso civile$yProcedura civile 710 02$aAssociazione italiana fra gli studiosi del processo civile$3CFIV026693$4070$0226318 791 02$aAssociazione fra gli studiosi del processo civile$3CFIV120795$zAssociazione italiana fra gli studiosi del processo civile 801 3$aIT$bIT-000000$c20130827 850 $aIT-BN0095 901 $bNAP 01$cD $n$ 912 $aMIL0056835 950 0$aBiblioteca Centralizzata di Ateneo$c1 v.$d 01D (AR) 7 361$e 01AR 0070073615 VMA 1 v.$fY $h20150519$i20150519 977 $a 01 996 $aAtti del 17. convegno nazionale$964297 997 $aUNISANNIO